000
00257nam a22001097a 4500
008
160518b xxu||||| |||| 00| 0 eng d
020
_a
156053074X
041
_a
eng
080
_a
61
245
_a
Sports medicine secrets:
_c
Morris B. Mellion;
942
_2
udc
_c
BK
999
_c
2154
_d
2154